Strategie řízená zákazníkem

Metódy strategického marketingu a nástroje súčasnej informačnej technológie. Metodika CVS (Customer value strategie). Finančné modelovanie a stratégia podniku.

Salvato in:
Dettagli Bibliografici
Autore principale: Kovařík, Pavel
Natura: Capitolo di libro
Lingua:ceco
Soggetti:
Tags: Aggiungi Tag
Nessun Tag, puoi essere il primo ad aggiungerne!!

MARC

LEADER 00000naa a2200000 4500
001 r033202
005 20230922085447.4
041 0 |a cze 
044 |a CZ 
245 1 0 |a Strategie řízená zákazníkem  |c Pavel Kovařík 
520 |a Metódy strategického marketingu a nástroje súčasnej informačnej technológie. Metodika CVS (Customer value strategie). Finančné modelovanie a stratégia podniku. 
610 2 0 |a stratégia marketingová 
610 2 0 |a stratégia podniková 
610 2 0 |a zákazníci 
610 2 0 |a konkurencia 
610 2 0 |a trh 
610 2 0 |a podnik 
610 2 0 |a marketing 
610 2 0 |a segmentácia trhu 
100 1 |a Kovařík, Pavel